Statistics for A to Z - Words That End in 'Y'

Click here to take the quiz!

General Stats

  • This quiz has been taken 163 times
  • The average score is 19 of 26

Answer Stats

ClueWord% Correct
BOpposite of girlBoy
100%
CTV Genre intended to get a laughComedy
97%
HLonging for foodHungry
95%
YHappens annuallyYearly
94%
ZBiology related to animalsZoology
91%
LWith no one nearbyLonely
91%
NSanta has 2 lists: good and...Naughty
91%
MShow me the _____!Money
89%
DPostpone; save for laterDelay
86%
VAnswers may ____Vary
86%
USouth American countryUruguay
85%
PA _____ for your thoughts?Penny
84%
RJuly's birthstoneRuby
84%
ETo take delight or pleasure inEnjoy
82%
ONothing out of the norm.Ordinary
78%
GBlack and white comboGrey
73%
SSomeone (human)Somebody
71%
KHello, _____! brandKitty
68%
JLean meat, often beefJerky
62%
FImaging impossible things, usu.Fantasy
59%
QCharacterized by peculiar traitsQuirky
49%
WDrowsily; SleepilyWearily
43%
IIndicate what something isIdentify
39%
ASport, game, occupation, etc.Activity
36%
TDifficult, hard, treacherousTricky
35%
Xa.k.a. ElectrophotographyXerography
8%

Score Distribution

Percentile by Number Answered

Percent of People with Each Score

Your Score History

You have not taken this quiz